000 00941nam a22003377a 4500
001 BR9800704
003 BR-BrBNA
005 20230928095818.0
007 ta
008 230509b bl.||||| |||| 00| 0 por d
040 _aBR-BrBNA
_bpor
_cBiblioteca Nacional de Agricultura
041 _a(Por)
072 _aE10
090 _ E10 BR9800704
110 1 _aSuperintendencia do Desenvolvimento do Nordeste, Recife, PE (Brasil)
245 1 _aFormacao bruta de capital fixo do setor publico do nordeste do Brasil, 1960-95
260 3 _aRecife, PE (Brasil):
_c1997.
300 _a134 p.
500 _aNumerical data
650 _aInvestimento
650 _aCapital
650 _aSetor Economico
650 _aSetor Primario
650 _aSetor Secundario
650 _aSetor Terciario
650 _aAdministracao Publica
650 _aDado
650 _aEstatistica
909 _a202309
_bLucia
_c55
_dLucia Elande
942 _cBK
999 _c58789
_d58789